000 003250000a22001330004500
005 20120302064640.0
942 _cBOOK
100 _a
_a
_b
_c
245 _a Household Management (illustrated)
260 _aLondon : Oldhams Press Limited .
300 _a512 p.
040 _aEng
650 _aMiscellanous / Sankirna / Kitchen
999 _c362709
_d362706